| 000 | 00637cab a2200229 4500 | ||
|---|---|---|---|
| 001 | ABS54425 | ||
| 008 | 090401t1996 xxu||||| |||| 00| 0 eng d | ||
| 035 | _a(Sirsi) u10252 | ||
| 041 | _aeng | ||
| 100 | _aMcNicoll, D. | ||
| 245 | _aBury takes stock of tree heritage | ||
| 260 | _c1996 | ||
| 350 | _a0 | ||
| 490 |
_aForestry & British Timber _vJanuary 1996, 12-13(2) |
||
| 520 | _aBury BC has carried out an audit valuation of all its trees using the Helliwell system. | ||
| 650 | _aHELLIWELL SYSTEM | ||
| 650 | _aSTREET TREES | ||
| 650 | _aTREE AUDIT | ||
| 690 | _aRATING AND VALUATION | ||
| 942 | _n0 | ||
| 948 | _c04/03/1997 | ||
| 999 |
_c6445 _d6445 |
||